[Event "Fagernes GM-B 2019"]
[Site "Fagernes"]
[Date "2019.04.18"]
[Round "4"]
[White "Von Bahr, Oskar"]
[Black "Kaasen, Tor Fredrik"]
[Result "1/2-1/2"]
[WhiteElo "2404"]
[BlackElo "2385"]
[Annotator "NA"]
[PlyCount "48"]
[EventDate "2019.04.14"]
[EventType "tourn"]
[EventCountry "NOR"]
[SourceTitle "playchess.com"]
[Source "ChessBase"]
[SourceQuality "1"]
[TimeControl "40/5400+30:1800+30"]

1. Nf3 {[%emt 0:00:00]} Nf6 {[%emt 0:02:51]} 2. b3 {[%emt 0:00:00]} d5 {[%emt 0:03:09]} 3. Bb2 {[%emt 0:00:20]} Bg4 {[%emt 0:03:28]} 4. g3 {[%emt 0:05:51]} Bxf3 {[%emt 0:01:08]} 5. exf3 {[%emt 0:00:04]} e6 {[%emt 0:00:18]} 6. d4 {[%emt 0:01:22]} Be7 {[%emt 0:01:39]} 7. Bd3 {[%emt 0:00:44]} O-O {[%emt 0:01:23]} 8. O-O {[%emt 0:00:45]} Nbd7 {[%emt 0:06:34]} 9. Re1 {[%emt 0:00:48]} c5 {[%emt 0:02:22]} 10. Nd2 {[%emt 0:03:11]} Rc8 {[%emt 0:01:36]} 11. c4 {[%emt 0:07:04]} cxd4 {[%emt 0:08:58]} 12. Bxd4 {[%emt 0:03:25]} Bc5 {[%emt 0:00:56]} 13. Bb2 {[%emt 0:02:27]} Qb6 {[%emt 0:01:33]} 14. Qe2 {[%emt 0:03:35]} Bd4 {[%emt 0:01:54]} 15. Bxd4 {[%emt 0:02:24]} Qxd4 {[%emt 0:00:07]} 16. Qe3 {[%emt 0:01:54]} Qxe3 {[%emt 0:11:48]} 17. fxe3 {[%emt 0:03:55]} Rfd8 {[%emt 0:00:21]} 18. Red1 {[%emt 0:03:52]} Nc5 {[%emt 0:05:23]} 19. Be2 {[%emt 0:02:55]} Kf8 {[%emt 0:03:05]} 20. Kf2 {[%emt 0:01:06]} Ke7 {[%emt 0:01:42]} 21. Rac1 {[%emt 0:01:58]} b6 {[%emt 0:01:25]} 22. Nb1 {[%emt 0:06:00]} dxc4 {[%emt 0:03:35]} 23. Bxc4 {[%emt 0:02:23]} Nd5 {[%emt 0:01:49]} 24. Ke2 {[%emt 0:03:12]} Nf6 {[%emt 0:05:06]} 1/2-1/2

[Event "Fagernes GM-B 2019"]
[Site "Fagernes"]
[Date "2019.04.18"]
[Round "4"]
[White "Tryggestad, Andreas Garberg"]
[Black "Rozentalis, Eduardas"]
[Result "1-0"]
[WhiteElo "2305"]
[BlackElo "2568"]
[Annotator "ChessBase"]
[PlyCount "87"]
[EventDate "2019.04.14"]
[EventType "tourn"]
[EventCountry "NOR"]
[SourceTitle "playchess.com"]
[Source "ChessBase"]
[SourceQuality "1"]
[TimeControl "40/5400+30:1800+30"]

1. e4 {[%emt 0:03:30]} e6 {[%emt 0:00:44]} 2. d4 {[%emt 0:00:06]} d5 {[%emt 0:00:03]} 3. Nc3 {[%emt 0:00:04]} Nc6 {[%emt 0:00:33]} 4. Nf3 {[%emt 0:00:52]} Nf6 {[%emt 0:00:26]} 5. Bg5 {[%emt 0:02:18]} Be7 {[%emt 0:00:50]} 6. e5 {[%emt 0:05:09]} Ne4 {[%emt 0:00:52]} 7. Bxe7 {[%emt 0:00:35]} Qxe7 {[%emt 0:00:29]} 8. Bd3 {[%emt 0:00:18]} Nxc3 {[%emt 0:02:33]} 9. bxc3 {[%emt 0:00:02]} f6 {[%emt 0:00:13]} 10. Qe2 {[%emt 0:04:33]} O-O {[%emt 0:02:00]} 11. exf6 {[%emt 0:00:25]} Rxf6 {[%emt 0:02:47]} 12. O-O {[%emt 0:00:40]} Bd7 {[%emt 0:00:21]} 13. c4 {[%emt 0:07:15]} dxc4 {[%emt 0:09:48]} 14. Bxc4 {[%emt 0:00:32]} Raf8 {[%emt 0:02:10]} 15. c3 {[%emt 0:03:37]} Kh8 {[%emt 0:05:57]} 16. Bd3 {[%emt 0:01:35]} Rh6 {[%emt 0:15:03]} 17. Rae1 {[%emt 0:04:32]} Qa3 {[%emt 0:05:19]} 18. Qd2 {[%emt 0:06:03]} Rh5 {[%emt 0:05:21]} 19. Ng5 {[%emt 0:01:52]} Qa5 {[%emt 0:06:54]} 20. Ne4 {[%emt 0:00:35]} e5 {[%emt 0:03:32]} 21. Nc5 {[%emt 0:26:56]} Bc8 {[%emt 0:00:55]} 22. Nb3 {[%emt 0:00:27]} Qd5 {[%emt 0:03:23]} 23. c4 {[%emt 0:02:25]} Qd6 {[%emt 0:01:49]} 24. Be2 {[%emt 0:04:54]} Rh6 {[%emt 0:04:03]} 25. dxe5 {[%emt 0:06:51]} Qxd2 {[%emt 0:05:21]} 26. Nxd2 {[%emt 0:00:06]} Nxe5 {[%emt 0:00:05]} 27. Nf3 {[%emt 0:04:05]} Nc6 {[%emt 0:01:25]} 28. Bd3 {[%emt 0:00:33]} Rd6 {[%emt 0:04:34]} 29. Re3 {[%emt 0:00:26]} g6 {[%emt 0:02:19]} 30. h4 {[%emt 0:02:52]} Bg4 {[%emt 0:05:15]} 31. Ng5 {[%emt 0:00:31]} h6 {[%emt 0:02:26]} 32. Ne4 {[%emt 0:01:51]} Rd4 {[%emt 0:01:56]} 33. Nc5 {[%emt 0:02:50]} b6 {[%emt 0:01:12]} 34. Na6 {[%emt 0:00:01]} Na5 {[%emt 0:02:18]} 35. Bxg6 {[%emt 0:00:43]} Nxc4 {[%emt 0:01:40]} 36. Re7 {[%emt 0:00:01]} c5 {[%emt 0:00:35]} 37. Rfe1 {[%emt 0:00:30]} Rd7 {[%emt 0:00:44]} 38. f3 {[%emt 0:00:33]} Rxe7 {[%emt 0:00:44]} 39. Rxe7 {[%emt 0:00:00]} Bf5 {[%emt 0:00:07]} 40. Bxf5 {[%emt 0:01:00]} Rxf5 {[%emt 0:00:03]} 41. Rxa7 {[%emt 0:30:05]} Rf4 {[%emt 0:30:21]} 42. Nc7 {[%emt 0:00:36]} Rxh4 {[%emt 0:02:15]} 43. Nd5 {[%emt 0:00:45]} Kg8 {[%emt 0:00:00]} 44. Ne7+ {[%emt 0:00:00]} 1-0

[Event "Fagernes GM-B 2019"]
[Site "Fagernes"]
[Date "2019.04.17"]
[Round "5.22"]
[White "Greenfeld, Alon"]
[Black "Tryggestad, Andreas Garberg"]
[Result "1-0"]
[WhiteElo "2514"]
[BlackElo "2305"]
[Annotator "TA"]
[PlyCount "113"]
[EventDate "2019.04.14"]
[EventType "tourn"]
[EventCountry "NOR"]
[SourceTitle "playchess.com"]
[Source "ChessBase"]
[SourceQuality "1"]

{[%evp 9,113,19,17,16,16,17,23,25,21,17,26,0,0,0,1,14,14,6,5,8,19,0,25,-21,-12,-64,-63,-62,-27,-74,-70,-69,-68,-70,-66,-76,-76,-76,-68,-73,-45,-65,-46,-40,-29,-64,-64,-72,-67,-125,-119,-133,-120,-125,-127,-145,-134,-139,-127,-339,-351,-347,-358,-358,-345,-327,-308,-414,-403,-355,-389,-384,-377,-439,-426,-389,-415,-396,-8,-8,-8,-8,0,0,0,0,0,0,0,0,601,514,6079,5340,8360,6321,12845,12850,29948,29953,29950,29951,29953,6211,6127,6103]} 1. d4 Nf6 2. c4 g6 3. g3 c6 4. Bg2 d5 5. Qa4 a6 6. cxd5 {D71: Fianchetto Grünfeld: 3 g3 d5 sidelines and 5 cxd5 (without Nf3)} b5 7. Qd1 cxd5 8. Nf3 {White has an edge.} Bg7 9. O-O $146 ({Predecessor:} 9. Bf4 O-O 10. O-O Nc6 11. Ne5 {½-½ (36) Carlsen,M (2844)-Mamedyarov,S (2747) Wijk aan Zee 2016}) 9... O-O 10. Ne5 Bb7 11. Bf4 Nc6 12. Nxc6 Bxc6 13. Nd2 Ne4 14. Nb3 Rc8 15. Rc1 Qb6 16. Bd2 b4 ({Don't blunder} 16... Bxd4 $2 17. Bxe4 dxe4 18. Ba5 $18) 17. e3 (17. Bxe4 $11 dxe4 18. Bg5) 17... a5 $15 18. Re1 Bb5 19. f3 Nd6 20. f4 Nc4 21. Rc2 e6 22. Nc5 Rfd8 23. Bc1 Bf8 24. b3 Nd6 25. Bb2 Rc7 26. Qd2 Rdc8 27. a4 bxa3 $1 28. Bxa3 Nb7 {[%cal Rb7c5]} 29. Rec1 (29. Ra1 $15) 29... Nxc5 $17 30. Bxc5 Bxc5 31. dxc5 Rxc5 32. Qd4 {[%cal Rc2c5]} Rxc2 33. Rxc2 Qb7 34. Rc5 $2 (34. Rc3 $17 {is a better defense.}) 34... Rxc5 $19 35. Qxc5 Qc6 $1 {[%cal Rc6c5]} 36. Qxc6 Bxc6 {[%mdl 4096] Endgame KB-KB} 37. Kf2 Kf8 38. Bf1 Ke7 39. Ke1 Kd6 40. Kd2 Kc5 41. Kc3 Bb5 42. Bg2 Be2 43. Kd2 Kb4 $2 ({Black should play} 43... Bg4 $19 44. h3 Bf5) 44. Kxe2 $11 Kxb3 {KB-KP} 45. Kd2 $1 Kb2 {Threatens to win with ...a4.} (45... a4 $5 46. Kc1 $8 Kc3 $11) 46. e4 dxe4 47. Bxe4 {aiming for Bc2.} a4 48. Bd3 $1 Kb3 {And now ...a3 would win.} (48... a3 $5 49. Bc4 $8 a2 50. Bxa2 Kxa2 $11) 49. Bb5 {Hoping for Be8.} Kb4 $2 {[%mdl 8192] [#]} (49... a3 $11 50. Kd3 Kb2) 50. Be8 $1 $18 a3 (50... Kc5 $142 51. Bxf7 Kd6) 51. Kc2 f6 {[#]} 52. Bf7 $1 {[%cal Rf7e6]} a2 53. Kb2 Kc4 54. Bxe6+ Kd4 55. Bg8 h6 56. Bf7 g5 57. f5 {Accuracy: White = 61%, Black = 61%.} 1-0

[Event "Fagernes GM-B 2019"]
[Site "Fagernes"]
[Date "2019.04.17"]
[Round "5.23"]
[White "Betaneli, Alexander"]
[Black "Holm, Kristian Stuvik"]
[Result "0-1"]
[WhiteElo "2235"]
[BlackElo "2467"]
[Annotator "TA"]
[PlyCount "120"]
[EventDate "2019.04.14"]
[EventType "tourn"]
[EventCountry "NOR"]
[SourceTitle "playchess.com"]
[Source "ChessBase"]
[SourceQuality "1"]

{[%evp 16,120,25,23,33,-43,-39,-77,-76,-96,-97,-104,-89,-113,-107,-100,-97,-96,-92,-114,-100,-136,-106,-151,-129,-147,-152,-140,-97,-110,-62,-62,-56,-101,-78,-81,-81,-114,-106,-106,-121,-107,-97,-229,-152,-191,-174,-158,-165,-231,-245,-238,-242,-239,-232,-237,-204,-204,-204,-204,-204,-204,-204,-213,-213,-214,-197,-279,-267,-280,-281,-297,-207,-397,-397,-391,-364,-377,-368,-371,-367,-368,-362,-366,-279,-528,-279,-672,-664,-856,-820,-1078,-1031,-2046,-903,-1294,-1470,-5547,-5547,-5214,-3027,-29989,-29990,-29990,-29991,-29991,-29992]} 1. c4 f5 2. g3 Nf6 3. Bg2 g6 4. Nc3 Bg7 5. d3 O-O 6. e4 d6 7. Nge2 e5 8. O-O Nc6 9. Nd5 f4 {A26: English Opening vs King's Indian with ...Nc6 and d3} (9... Be6 10. h3 Qd7 11. Kh2 Rae8 12. Be3 Nh5 13. exf5 gxf5 14. f4 Nf6 15. Qd2 Rf7 16. Rae1 Kh8 17. Nxf6 Bxf6 18. b3 {1-0 (41) Tomashevsky,E (2705)-Sychev,K (2537) St Petersburg 2018}) 10. f3 $146 (10. gxf4 $14 Nh5 11. fxe5) ({Predecessor:} 10. gxf4 Nh5 11. f3 Nd4 12. fxe5 Nxe2+ 13. Qxe2 dxe5 14. Be3 c6 15. Nc3 Nf4 16. Qd2 Qh4 17. Qf2 {½-½ (41) Gordon,S (2544)-D'Costa,L (2390) Harrow 2018}) 10... g5 $15 11. Nxf6+ Qxf6 {Black is better.} 12. g4 {[#]} h5 $1 {[%mdl 512]} 13. h3 (13. gxh5 g4) 13... Be6 14. b3 Kf7 15. Bb2 Rh8 16. Rf2 Rh7 17. Kf1 Rah8 18. Ng1 Qd8 19. a3 Qd7 20. b4 Ne7 {[%cal Bc6e7,Be7g8,Bg8f6][%mdl 32]} 21. Rc1 c5 22. b5 Ng8 23. Rcc2 Nf6 24. Bc1 Bf8 25. a4 Be7 26. Ra2 hxg4 27. hxg4 {[#]} Nxg4 $1 {[%mdl 512]} 28. fxg4 Bxg4 29. Bf3 (29. Qd2 $17 {keeps fighting.}) 29... Be6 {[%mdl 1024] Black has strong compensation.} 30. Rg2 {[#]} Rh4 $1 31. Raf2 {[#]} Ke8 $1 32. Ke2 (32. Ke1 {was called for.}) 32... g4 $19 33. Kd2 {Now Be2 and White clings on.} gxf3 34. Nxf3 Rg4 35. Qg1 Rhg8 36. Rxg4 Rxg4 37. Rg2 Kf8 38. Rxg4 Bxg4 39. Nh2 Bh5 {Strongly threatening ...Qh3.} 40. Qg2 Bh4 41. Nf3 (41. Kc2 $142) 41... Bg3 42. Ke2 Qg4 43. Bd2 Qh4 44. Bc3 $2 (44. Kf1 {was forced.} Qg4 45. Ke2) 44... Bg4 45. Bd2 Qh5 46. Bc3 Kf7 47. Ba5 Ke7 48. Bc3 Ke6 49. Bd2 a6 50. Bc3 $2 (50. Ba5 {was the only defense.}) 50... Qh8 51. Bd2 $2 (51. Kf1) 51... Kf6 52. Bc3 axb5 53. axb5 Qa8 54. Qh1 Kg7 (54... Qa2+ $142 55. Bd2 Kg7) 55. Bd2 Qa2 56. Qc1 Qb3 57. Bc3 Kg6 58. Qb2 Bxf3+ {[%mdl 64] Overworked Piece. Black mates.} 59. Kxf3 Qd1+ {[%mdl 64] Double Attack} 60. Kg2 Qg4 {Accuracy: White = 36%, Black = 69%.} 0-1

[Event "Fagernes GM-B 2019"]
[Site "Fagernes"]
[Date "2019.04.17"]
[Round "5.24"]
[White "Kaasen, Tor Fredrik"]
[Black "Kazakovskiy, Valeriy"]
[Result "1/2-1/2"]
[WhiteElo "2385"]
[BlackElo "2440"]
[PlyCount "85"]
[EventDate "2019.04.14"]
[EventType "tourn"]
[EventCountry "NOR"]

{[%evp 22,85,41,29,33,0,6,4,7,8,0,7,9,0,0,7,99,81,102,69,85,33,40,44,44,44,40,40,39,44,50,35,30,20,16,16,16,11,172,168,255,254,241,248,397,396,612,361,584,485,377,150,117,149,113,95,350,318,219,0,0,0,0,0,0,0]} 1. e4 e5 2. Nf3 Nc6 3. Bb5 a6 4. Ba4 Nf6 5. O-O Be7 6. Re1 b5 7. Bb3 O-O 8. c3 d6 9. h3 Nb8 10. d4 Nbd7 11. c4 c6 12. Nc3 b4 {C95: Closed Ruy Lopez: Breyer Variation with 10 d4} 13. Ne2 (13. Na4 c5 14. d5 Ne8 15. Bc2 g6 16. Bh6 Ng7 17. a3 a5 18. b3 Kh8 19. Qd2 Nf6 20. Nb2 {0-1 (59) Fedorchuk,S (2604)-Postny,E (2630) Nancy 2019}) 13... Nxe4 14. Qc2 f5 15. c5+ d5 16. Be3 Kh8 17. Nxe5 Nxe5 18. dxe5 f4 (18... Bh4 $1 $11) 19. Nxf4 $16 Bg5 $146 ({Predecessor:} 19... Bf5 20. g4 {1-0 (48) Shyam,S (2518)-Navalgund,N (2281) Kolkata 2018}) 20. Rad1 $36 {[%cal Rf4d5][%mdl 2048] White has some pressure.} Bf5 21. Ne6 (21. Nxd5 $16 {Strongly threatening Nb6.} cxd5 22. Rxd5 (22. Bxd5 Bxe3 23. fxe3 Nc3 $11 {[%mdl 64] Double Attack})) 21... Bxe6 $14 22. Qxe4 $1 dxe4 23. Rxd8 Raxd8 24. Bxg5 Rde8 25. Bxe6 Rxe6 26. Rxe4 {[%mdl 4096] Endgame KRR-KRB} a5 27. f4 h6 28. Bh4 g5 29. fxg5 hxg5 $2 (29... h5 $1 $11 {and Black stays safe.}) 30. Bxg5 $18 Kh7 {[#]} (30... Rf5 $142 31. Bd8 Kg8) 31. Rh4+ $1 Kg6 32. Bf6 Rfxf6 (32... Rfe8 {was called for.} 33. Kf2 Rxe5 34. Bxe5 Rxe5) 33. exf6 {KR-KR} Re1+ (33... Rxf6 $142 34. Rd4 Kf5 35. g4+ Ke5) 34. Kh2 Re2 $2 (34... Kf7 35. Rh7+ Kxf6) 35. Rf4 {Intending f7 and mate.} Kf7 36. a3 $2 (36. Kg1 $18) 36... Rxb2 $16 37. axb4 Rxb4 {[#]} 38. Rf1 $1 {aiming for g4.} Rc4 $2 {[%mdl 8192]} (38... Rb2 $16 {keeps fighting.}) 39. g4 $18 Rxc5 40. Kg3 $2 (40. Rf4 $18) 40... a4 $1 $11 {[%cal Ba5a4,Ba4a3,Ba3a2][%mdl 32] The position is equal.} 41. Kh4 {And now g5 would win.} a3 42. g5 {Black must now prevent g6+!} a2 43. g6+ {Accuracy: White = 59%, Black = 47%.} 1/2-1/2

[Event "Fagernes GM-B 2019"]
[Site "Fagernes"]
[Date "2019.04.17"]
[Round "5.25"]
[White "Lund, Gunnar"]
[Black "Von Bahr, Oskar"]
[Result "0-1"]
[WhiteElo "2271"]
[BlackElo "2404"]
[PlyCount "104"]
[EventDate "2019.04.14"]
[EventType "tourn"]
[EventCountry "NOR"]

{[%evp 9,104,0,8,5,44,33,57,49,56,54,54,54,52,47,52,49,69,36,86,-29,0,0,0,0,0,0,0,0,0,0,0,0,0,-123,-119,-136,-110,-147,-76,-77,-72,-71,-78,-71,-73,-136,-125,-125,-187,-154,-178,-187,-197,-223,-223,-214,-213,-225,-222,-220,-221,-216,-220,-293,-302,-364,-358,-434,-434,-378,-297,-497,-466,-478,-459,-615,-603,-670,-665,-874,-866,-881,-873,-923,-868,-845,-819,-796,-787,-862,-706,-29970,-29966,-29969,-6406,-29994,-29995]} 1. d4 Nf6 2. Bf4 g6 3. Nc3 d5 4. e3 Bg7 5. h4 h5 (5... c6 6. Be2 h5 7. Nf3 Bg4 8. Ne5 Bxe2 9. Qxe2 Nbd7 10. O-O-O Rc8 11. f3 {0-1 (60) Nabaty,T (2692)-Rodshtein,M (2674) Czech Republic 2019}) 6. Nf3 {A45: Trompowsky Attack} Bg4 7. Qd2 Bxf3 8. gxf3 {White is slightly better.} c6 9. O-O-O $146 ({Predecessor:} 9. e4 e6 10. O-O-O {0-1 (45) Gareyev,T (2584)-Perelshteyn,E (2493) Saint Louis 2018}) 9... Nbd7 10. e4 e6 11. Kb1 a6 12. Bd3 b5 13. Ne2 Nb6 14. Nc1 (14. c3 $16) 14... Nc4 15. Qe2 Qb6 16. Nb3 Nd7 17. Rhg1 a5 18. exd5 cxd5 19. Bxg6 fxg6 20. Rxg6 Kf7 $1 {[%cal Rf7g6]} 21. Rdg1 (21. Rxg7+ $11 {keeps the balance.} Kxg7 22. Nc5 $1 {[%mdl 512]} Nxc5 23. dxc5) 21... Rag8 $1 $17 22. Bc7 Qc6 $1 23. Bxa5 Bf6 (23... Nf8 $142 24. R6g5 Qd6) 24. Rxg8 Rxg8 25. Rxg8 Kxg8 26. f4 Qd6 27. Qxh5 (27. a3 $142) 27... Nxa5 28. Qg4+ Kf7 (28... Kf8 $17 29. Nxa5 Bxd4) 29. Nxa5 {[#]} Qb4 $1 {[%cal Rb4e1][%mdl 512]} 30. Qh5+ {[#]} Kf8 $1 {[%mdl 512] ( -> ...Qe1+)} 31. Qh6+ Bg7 {[%cal Rb4e1]} 32. Qxe6 {aiming for Nc6.} Qxa5 33. c3 Nf6 34. Qc8+ Kf7 35. Qb7+ Kg8 36. Qc8+ Bf8 37. Qc6 Be7 38. h5 b4 39. h6 {and the idea Qe6+ leaves White hopeful.} Qd8 40. Qe6+ $2 (40. cxb4 Bxb4 41. a4) 40... Kh7 $19 41. cxb4 Bxb4 42. a4 Kxh6 43. Qh3+ Kg7 44. Ka2 Qc7 45. Kb1 Qc4 46. f5 Qxd4 47. Qg3+ Kf8 48. Qb8+ Ne8 49. Qb5 Qc4 50. Qb7 d4 51. f6 Nxf6 (51... d3 $142 52. Qb5 {[#]} Qb3 $1 {[%mdl 512]} 53. f7 Nd6 {[%mdl 64] Double Attack} 54. Qb8+ Kxf7 55. Qa7+ Kg6 56. Qc7 Kh6 57. Qe7 d2 58. Qh4+ Kg7 59. Qg5+ Kf8 60. Qh6+ Ke8 61. Qh8+ Kd7 62. Qh7+ Nf7 63. Qf5+ Kd8 64. Qf6+ Kc7 65. Qd4 d1=Q+ 66. Qxd1 Qxd1+ 67. Ka2 Qc2 $1 {[%mdl 512]} 68. Ka1 Be7 69. a5 Bf6 $1 {[%mdl 512]} 70. f4 Qxb2#) 52. Qc8+ Qxc8 {Accuracy: White = 52%, Black = 81%.} 0-1

[Event "Fagernes GM-B 2019"]
[Site "Fagernes"]
[Date "2019.04.17"]
[Round "5.26"]
[White "Rozentalis, Eduardas"]
[Black "Levin, Felix"]
[Result "0-1"]
[WhiteElo "2568"]
[BlackElo "2476"]
[Annotator "TA"]
[PlyCount "48"]
[EventDate "2019.04.14"]
[EventType "tourn"]
[EventCountry "NOR"]
[SourceTitle "playchess.com"]
[Source "ChessBase"]
[SourceQuality "1"]

{[%evp 16,48,0,-4,0,-6,0,-16,28,16,24,-8,22,-13,-35,-35,56,-16,-17,-31,-28,-120,-128,-85,-63,-208,-43,-48,-18,-139,-134,-141,-6,-593,-560]} 1. e4 e5 2. Nc3 Nf6 3. g3 d5 4. exd5 Nxd5 5. Nf3 Nxc3 6. bxc3 Nc6 7. Bg2 Bc5 8. O-O O-O 9. Re1 Bg4 {C47: Scotch Four Knights and Four Knights with 4 g3} (9... Qf6 10. d3 h6 11. Rb1 Bb6 12. Be3 Bg4 13. h3 Be6 14. c4 e4 15. Nd2 exd3 16. c5 Ba5 17. Rxb7 Nb4 18. cxd3 Bd5 19. Rxb4 Bxg2 {½-½ (31) Nakamura,H (2787)-Xiong,J (2665) Saint Louis 2018}) 10. h3 Bh5 11. Qe2 Bd6 $146 {The position is equal.} ({Predecessor:} 11... Re8 12. Qc4 Bb6 13. d3 Bxf3 14. Bxf3 e4 15. dxe4 Qf6 16. Bf4 g5 17. e5 Nxe5 18. Rxe5 Rxe5 19. Bxe5 Qxe5 {0-1 (53) Harutjunyan,G (2446)-Kravtsiv,M (2592) Visakhapatnam 2012}) 12. Rb1 Rb8 13. d3 f5 14. Qf1 (14. g4 $5 fxg4 15. Ng5 $11 (15. hxg4 Bxg4 16. Qe4 Bxf3 $17)) 14... Kh8 15. Nd2 e4 (15... Qd7 $15) 16. dxe4 (16. Nc4 $1 $14) 16... f4 $1 $11 {[%cal Rf4g3]} 17. g4 Bf7 18. e5 (18. c4 $11) 18... Nxe5 $17 19. Be4 ({Avoid the trap} 19. Rxb7 $2 f3 $19) 19... f3 20. Rb5 (20. c4 $15) 20... c5 $2 {[#]} ({Don't play} 20... Bxa2 21. Rxb7 Rxb7 22. Bxb7 $17) ({Black should try} 20... c6 $19 21. Rb4 Bxb4 22. cxb4 Qd6) 21. Rxb7 $15 Qf6 22. Rxb8 (22. c4 $11 {remains equal.}) 22... Bxb8 $17 23. Qb5 Qd6 ({Black should play} 23... Qh6 $17 24. Qf1 (24. Qxc5 $2 Re8 $19) 24... Qd6 25. Bxf3 Ng6) 24. Kf1 $2 {[%mdl 8192] [#]} (24. Nf1 $1 $11 {and White has nothing to worry.}) 24... Qh6 {Accuracy: White = 20%, Black = 23%.} 0-1

[Event "Fagernes GM-B 2019"]
[Site "Fagernes"]
[Date "2019.04.18"]
[Round "6.22"]
[White "Tryggestad, Andreas Garberg"]
[Black "Levin, Felix"]
[Result "0-1"]
[WhiteElo "2305"]
[BlackElo "2476"]
[Annotator "ChessBase"]
[PlyCount "76"]
[EventDate "2019.04.14"]
[EventType "tourn"]
[EventCountry "NOR"]
[SourceTitle "playchess.com"]
[Source "ChessBase"]
[SourceQuality "1"]
[TimeControl "40/5400+30:1800+30"]

1. e4 {[%emt 0:02:36]} e5 {[%emt 0:00:19]} 2. Nf3 {[%emt 0:00:03]} Nc6 {[%emt 0:00:06]} 3. Bb5 {[%emt 0:00:03]} Nf6 {[%emt 0:00:10]} 4. d3 {[%emt 0:00:05]} Bc5 {[%emt 0:01:38]} 5. Bxc6 {[%emt 0:01:13]} dxc6 {[%emt 0:00:26]} 6. Nbd2 {[%emt 0:00:07]} Qe7 {[%emt 0:03:15]} 7. Nc4 {[%emt 0:02:11]} Nd7 {[%emt 0:02:42]} 8. O-O {[%emt 0:00:38]} f6 {[%emt 0:01:47]} 9. c3 {[%emt 0:01:00]} Nb6 {[%emt 0:03:55]} 10. Na5 {[%emt 0:02:34]} Bd6 {[%emt 0:02:26]} 11. d4 {[%emt 0:00:15]} O-O {[%emt 0:02:10]} 12. dxe5 {[%emt 0:02:59]} fxe5 {[%emt 0:02:21]} 13. Be3 {[%emt 0:00:08]} Rb8 {[%emt 0:08:52]} 14. Nd2 {[%emt 0:00:54]} Be6 {[%emt 0:02:47]} 15. Qe2 {[%emt 0:04:30]} Qe8 {[%emt 0:06:39]} 16. Nab3 {[%emt 0:06:48]} Nc8 {[%emt 0:09:39]} 17. Nc5 {[%emt 0:04:19]} Bxc5 {[%emt 0:03:47]} 18. Bxc5 {[%emt 0:01:41]} Rf6 {[%emt 0:46:01]} 19. Be3 {[%emt 0:05:30]} b6 {[%emt 0:00:00]} 20. Qa6 {[%emt 0:02:20]} c5 {[%emt 0:01:00]} 21. f4 {[%emt 0:07:18]} exf4 {[%emt 0:00:00]} 22. Rxf4 {[%emt 0:02:54]} Rxf4 {[%emt 0:00:00]} 23. Bxf4 {[%emt 0:00:07]} Qc6 {[%emt 0:00:00]} 24. Nf3 {[%emt 0:02:47]} h6 {[%emt 0:00:00]} 25. Rd1 {[%emt 0:02:17]} Nd6 {[%emt 0:00:00]} 26. Bxd6 {[%emt 0:00:24]} cxd6 {[%emt 0:00:00]} 27. Qxa7 {[%emt 0:00:03]} Re8 {[%emt 0:00:00]} 28. Qa6 {[%emt 0:02:11]} d5 {[%emt 0:00:00]} 29. Ne5 {[%emt 0:06:19]} Qc7 {[%emt 0:00:00]} 30. Qa4 {[%emt 0:07:24]} b5 {[%emt 0:01:28]} 31. Qxb5 {[%emt 0:02:35]} Rb8 {[%emt 0:00:02]} 32. Qc6 {[%emt 0:02:50]} Qxe5 {[%emt 0:00:05]} 33. exd5 {[%emt 0:00:01]} Qe3+ {[%emt 0:01:11]} 34. Kh1 {[%emt 0:00:01]} Bg4 {[%emt 0:00:12]} 35. Rf1 {[%emt 0:01:05]} Rxb2 {[%emt 0:00:14]} 36. d6 {[%emt 0:07:06]} Rd2 {[%emt 0:00:25]} 37. Rg1 {[%emt 0:11:30]} Qe5 {[%emt 0:00:55]} 38. h3 {[%emt 0:00:19]} Bxh3 {[%emt 0:01:00]} 0-1

[Event "Fagernes GM-B 2019"]
[Site "Fagernes"]
[Date "2019.04.18"]
[Round "6.23"]
[White "Von Bahr, Oskar"]
[Black "Rozentalis, Eduardas"]
[Result "0-1"]
[WhiteElo "2404"]
[BlackElo "2568"]
[Annotator "ChessBase"]
[PlyCount "84"]
[EventDate "2019.04.14"]
[EventType "tourn"]
[EventCountry "NOR"]
[SourceTitle "playchess.com"]
[Source "ChessBase"]
[SourceQuality "1"]
[TimeControl "40/5400+30:1800+30"]

1. c4 {[%emt 0:00:00]} e6 {[%emt 0:00:06]} 2. g3 {[%emt 0:00:00]} Nf6 {[%emt 0:00:10]} 3. Bg2 {[%emt 0:00:08]} d5 {[%emt 0:00:10]} 4. Nf3 {[%emt 0:00:19]} dxc4 {[%emt 0:00:31]} 5. Qa4+ {[%emt 0:02:02]} Bd7 {[%emt 0:01:08]} 6. Qxc4 {[%emt 0:00:24]} c5 {[%emt 0:00:29]} 7. Ne5 {[%emt 0:01:10]} Qc8 {[%emt 0:00:32]} 8. O-O {[%emt 0:01:03]} Nc6 {[%emt 0:00:45]} 9. Nxd7 {[%emt 0:00:14]} Qxd7 {[%emt 0:00:10]} 10. Qa4 {[%emt 0:04:47]} Nd5 {[%emt 0:07:27]} 11. Nc3 {[%emt 0:01:49]} Be7 {[%emt 0:00:37]} 12. d3 {[%emt 0:11:57]} O-O {[%emt 0:01:47]} 13. Bd2 {[%emt 0:01:20]} Rfd8 {[%emt 0:01:19]} 14. Rfc1 {[%emt 0:07:19]} Rac8 {[%emt 0:02:59]} 15. h4 {[%emt 0:06:57]} Nb6 {[%emt 0:07:52]} 16. Qg4 {[%emt 0:01:15]} f5 {[%emt 0:06:33]} 17. Qh3 {[%emt 0:02:13]} c4 {[%emt 0:00:18]} 18. Rd1 {[%emt 0:09:20]} cxd3 {[%emt 0:01:19]} 19. exd3 {[%emt 0:00:37]} Ne5 {[%emt 0:12:20]} 20. Be1 {[%emt 0:05:08]} Na4 {[%emt 0:14:53]} 21. Nxa4 {[%emt 0:13:25]} Qxa4 {[%emt 0:00:18]} 22. d4 {[%emt 0:02:13]} Rxd4 {[%emt 0:05:21]} 23. Rxd4 {[%emt 0:00:33]} Qxd4 {[%emt 0:00:07]} 24. Bc3 {[%emt 0:00:53]} Rxc3 {[%emt 0:01:40]} 25. bxc3 {[%emt 0:00:04]} Qxc3 {[%emt 0:00:17]} 26. Rf1 {[%emt 0:02:50]} b6 {[%emt 0:12:16]} 27. g4 {[%emt 0:10:13]} Qxh3 {[%emt 0:01:02]} 28. Bxh3 {[%emt 0:00:03]} fxg4 {[%emt 0:00:13]} 29. Bg2 {[%emt 0:00:11]} Bxh4 {[%emt 0:00:13]} 30. Re1 {[%emt 0:04:19]} Bxf2+ {[%emt 0:01:59]} 31. Kxf2 {[%emt 0:00:06]} Nd3+ {[%emt 0:00:02]} 32. Kf1 {[%emt 0:00:19]} Nxe1 {[%emt 0:00:03]} 33. Kxe1 {[%emt 0:00:05]} Kf7 {[%emt 0:00:26]} 34. Kf2 {[%emt 0:02:37]} Kf6 {[%emt 0:00:42]} 35. Bf1 {[%emt 0:01:33]} h5 {[%emt 0:00:58]} 36. Bc4 {[%emt 0:03:42]} h4 {[%emt 0:01:28]} 37. Ke3 {[%emt 0:00:25]} e5 {[%emt 0:04:42]} 38. Bb5 {[%emt 0:01:26]} Kg5 {[%emt 0:00:55]} 39. Ba4 {[%emt 0:02:36]} h3 {[%emt 0:01:27]} 40. Bd7 {[%emt 0:01:41]} Kh4 {[%emt 0:00:13]} 41. Bf5 {[%emt 0:07:47]} g3 {[%emt 0:00:12]} 42. Be4 {[%emt 0:04:26]} g5 {[%emt 0:00:28]} 0-1